| 000 | 007000am a2200241 004500 | ||
|---|---|---|---|
| 008 | 080604s1996 inua 001 0 eng d | ||
| 020 | _a157521041X | ||
| 040 |
_aDLC _cDLC _dDLC |
||
| 050 | 0 | 0 |
_aTK5105.875.I57 _bI586 1995 |
| 092 | 0 | 4 |
_a004.678 _bI61924 1995 _221 |
| 099 |
_a04 _a004.678 I61924 1995 |
||
| 245 | 0 | 4 | _aThe Internet unleashed, 1996. |
| 250 | _a3rd ed. | ||
| 260 |
_aIndianapolis, IN : _bSams.net; _cc1995. |
||
| 300 |
_ali, 1398 p. : _bill. ; _c23 cm. + _e1 computer laser optical disc (4 3/4 in.) |
||
| 500 | _aIncludes index. | ||
| 650 | 0 | _aInternet. | |
| 710 | 2 | _aSams Publishing (Firm) | |
| 902 | _a1 | ||
| 905 |
_aIbrahim _eRev |
||
| 905 |
_aJamal _eCat |
||
| 942 |
_2ddc _cBK |
||
| 999 |
_c106321 _d106321 |
||